Comunicación y empresa responsable /

Detalles Bibliográficos
Autores principales: Benavides, Juan (Benavides Delgado) (Autor, Editor), Monfort, Abel (Autor, Editor)
Formato: Electrónico eBook
Lenguaje:español
Publicado: Pamplona, España : EUNSA, Ediciones Universidad de Navarra, [2015]
Colección:Colección Comunicación (Pamplona, Spain)
Materias:
Acceso en línea:Digitalia Hispánica

MARC

LEADER 00000nam a2200000Ii 4500
001 DIGEDUNAV0348
003 NyNyDIG
006 m o d
007 cr |||||||||||
008 220606s2015 sp a ob 000 0 spa d
035 |a (OCoLC)1333701849 
040 |a DGITA  |b eng  |e rda  |e pn  |c DGITA 
020 |z 9788431330637 
050 1 4 |a HD60 ebook 
082 0 4 |a 658.408 
245 0 0 |a Comunicación y empresa responsable /  |c Juan Benavides Delgado, Abel Monfort de Bedoya (coords.) 
264 1 |a Pamplona, España :  |b EUNSA, Ediciones Universidad de Navarra,  |c [2015] 
300 |a 1 online resource :  |b illustrations. 
336 |a text  |b txt  |2 rdacontent 
337 |a computer  |b c  |2 rdamedia 
338 |a online resource  |b cr  |2 rdacarrier 
347 |a text file  |2 rdaft 
347 |b PDF 
490 1 |a Colección Comunicación 
504 |a Includes bibliographical references. 
588 0 |a Online resource; title from PDF title page (Digitalia, viewed June 6, 2022) 
650 0 |a Business communication. 
650 0 |a Social responsibility of business. 
655 0 |a Electronic books. 
700 1 |a Benavides, Juan  |q (Benavides Delgado),  |e editor,  |e author. 
700 1 |a Monfort, Abel,  |e editor,  |e author. 
791 2 |a Digitalia (Firm),  |e distributor. 
793 0 |g Digitalia eBook Collection:  |a Ediciones Universidad de Navarra 
776 0 8 |i Print version:  |t Comunicación y empresa responsable.  |b Primera edición.  |d Pamplona, España : EUNSA, Ediciones Universidad de Navarra, [2015]  |z 9788431330637 
830 0 |a Colección Comunicación (Pamplona, Spain) 
856 4 0 |3 Digitalia Hispánica  |u https://www.digitaliapublishing.com/a/51326/ 
910 |a Premium collection: 2022